00593cam a22002054a 45000010009000000050017000090080041000260100017000670200051000840200044001350400018001790410008001970420009002050800016002140820020002301000007002501010008002572450081002655040041003461335774420180111070156.0030930m20039999wau b b 000 0 eng  a 2003020894 a1885942311 (plastic ring binding : alk. paper) a1885942303 (v. 2. : cloth : alk. paper) aDLCcDLCdDLC aeng alcac a422.471 LUN00a422.471 LUN2221 a46 aEDU10aEnglish from the roots up :cby Joegil K. Lundquist and Jeanne L. Lundquist. aIncludes bibliographical references.